000 00493cam a2200145 4500500
005 20251228082842.0
041 _afre
042 _adc
100 1 0 _aNédelec, Claudine
_eauthor
245 0 0 _aLe burlesque au Grand Siècle : une esthétique marginale ?
260 _c2004.
500 _a78
786 0 _nDix-septième siècle | 224 | 3 | 2004-09-01 | p. 429-443 | 0012-4273
856 4 1 _uhttps://shs.cairn.info/revue-dix-septieme-siecle-2004-3-page-429?lang=fr&redirect-ssocas=7080
999 _c1599939
_d1599939